000 00587nam a22002057a 4500
003 OSt
005 20160525132528.0
008 160525b xxu||||| |||| 00| 0 eng d
020 _a0750645202
040 _cDNLM
082 _aQV748 D744o 2001
100 _aDoughty, Michael J.
_98919
245 _aOccular Pharmacology & Therapeutics: a primary care guide
260 _aOxford; Butterworth, 2001
300 _a132p; col.ill: 28cm
504 _aReferences, appendice, & index included
650 _aOccular Pharmacology
_98920
650 _aTherapeutics
_91626
942 _2z
_cO_SHELF
999 _c4144
_d4144